000 00333nab a22001097u 4500
008 130520b1976 xxu||||| |||| 00| 0 eng d
041 _aeng
100 1 _aKelly, Derek A.
_950179
245 0 0 _aJung and the Medicine-Wheel
_cDerek A. Kelly
773 0 _tPhilosophy Today
_gV.20, nº2,1976,págs. 107-113
_x0031-8256
_wRev325
942 _cAR
999 _c302995
_d302995